<?xml version="1.0" encoding="UTF-8"?><?xml-stylesheet type="text/xsl" href="static/style.xsl"?><OAI-PMH xmlns="http://www.openarchives.org/OAI/2.0/" xmlns:xsi="http://www.w3.org/2001/XMLSchema-instance" xsi:schemaLocation="http://www.openarchives.org/OAI/2.0/ http://www.openarchives.org/OAI/2.0/OAI-PMH.xsd"><responseDate>2026-05-14T17:16:23Z</responseDate><request verb="GetRecord" identifier="oai:repisalud.isciii.es:20.500.12105/11409" metadataPrefix="marc">https://repisalud.isciii.es/rest/oai/request</request><GetRecord><record><header><identifier>oai:repisalud.isciii.es:20.500.12105/11409</identifier><datestamp>2025-06-13T14:23:53Z</datestamp><setSpec>com_20.500.12105_5696</setSpec><setSpec>com_20.500.12105_5570</setSpec><setSpec>com_20.500.12105_2404</setSpec><setSpec>com_20.500.12105_2403</setSpec><setSpec>col_20.500.12105_5702</setSpec></header><metadata><record xmlns="http://www.loc.gov/MARC21/slim" xmlns:dcterms="http://purl.org/dc/terms/" xmlns:doc="http://www.lyncode.com/xoai" xmlns:xsi="http://www.w3.org/2001/XMLSchema-instance" xsi:schemaLocation="http://www.loc.gov/MARC21/slim http://www.loc.gov/standards/marcxml/schema/MARC21slim.xsd">
   <leader>00925njm 22002777a 4500</leader>
   <datafield ind2=" " ind1=" " tag="042">
      <subfield code="a">dc</subfield>
   </datafield>
   <datafield ind2=" " ind1=" " tag="720">
      <subfield code="a">Sanchez-Galan, Luis</subfield>
      <subfield code="e">author</subfield>
   </datafield>
   <datafield ind2=" " ind1=" " tag="260">
      <subfield code="c">2005-03</subfield>
   </datafield>
   <datafield ind2=" " ind1=" " tag="520">
      <subfield code="a">Objetivo: Describir la situación actual de la evaluación médica de la hipoacusia profesional en el sistema de Seguridad Social español. Método: Se analizan los diferentes conceptos médico-legales claves para la valoración de la hipoacusia profesional. Se ha considerado la audiometría tonal como la principal prueba complementaria de cara a la evaluación médica de la incapacidad laboral, asumiendo como estrategia de valoración de la gráfica audiométrica, la propuesta de Klochkoff con las modificaciones de la Clínica Lavoro, de Milán. Este método facilita la aplicación uniforme de los criterios legales indemnizatorios establecidos en la legislación española actual de Seguridad Social. Se ha realizado un estudio descriptivo mediante la revisión de 30 casos seleccionados por muestreo consecutivo, con diagnóstico clínico principal de hipoacusia profesional o hipoacusia inducida por ruido laboral sobre una población de expedientes de incapacidad permanente iniciados en la Dirección Provincial del INSS de Madrid durante el año 2002. Las variables estudiadas han sido la edad, sexo, profesión, régimen de seguridad social, causa de inicio del expediente, tipo de contingencia, grado de afectación según la clasificación de Klockhoff modificada y calificación administrativa en la Resoluciónde la Directora Provincial del INSS de Madrid.</subfield>
   </datafield>
   <datafield ind1="8" ind2=" " tag="024">
      <subfield code="a">Med Segur Trab 2004; Vol.L Nº 198: 7-20</subfield>
   </datafield>
   <datafield ind1="8" ind2=" " tag="024">
      <subfield code="a">1989-7790</subfield>
   </datafield>
   <datafield ind1="8" ind2=" " tag="024">
      <subfield code="a">0465-546X</subfield>
   </datafield>
   <datafield ind1="8" ind2=" " tag="024">
      <subfield code="a">Medicina y Seguridad del Trabajo</subfield>
   </datafield>
   <datafield ind1="8" ind2=" " tag="024">
      <subfield code="a">http://hdl.handle.net/20.500.12105/11409</subfield>
   </datafield>
   <datafield tag="653" ind2=" " ind1=" ">
      <subfield code="a">Ruido</subfield>
   </datafield>
   <datafield tag="653" ind2=" " ind1=" ">
      <subfield code="a">Incapacidad laboral</subfield>
   </datafield>
   <datafield tag="653" ind2=" " ind1=" ">
      <subfield code="a">Hipoacusia profesional</subfield>
   </datafield>
   <datafield ind2="0" ind1="0" tag="245">
      <subfield code="a">Revisión médico-legal y estado actual de la evaluación médica de la hipoacusia profesional en el sistema español de la seguridad social</subfield>
   </datafield>
</record></metadata></record></GetRecord></OAI-PMH>